Plan de Cooperación Provincial a los Servicios Municipales
Descripción Física:
4 v. ; 29 cm
Materias:
Barcelona (Catalunya : Província). -- Diputació -- Assignacions pressupostàries i despeses
; Finances municipals -- Barcelona (Província)
Idioma:
Español
MARC
| LEADER | 00000nam a2200000Ia 4500 | ||
|---|---|---|---|
| 001 | 12115, 9852, 21675, 12114, 9853, 9854, 9855, 7629 | ||
| 003 | Arxiu | ||
| 005 | 20260410113649.0 | ||
| 008 | 160829s19561973spc xxs spa c | ||
| 040 | |a AGDB | ||
| 080 | |a FOL-1-110, FOL-1-193, FOL-3-58, FOL-1-114, M-3-204, M-3-205, FU-18-11, FU-18-12 | ||
| 110 | 1 | |a Barcelona (Catalunya : Província). |b Diputació |9 52408 | |
| 245 | |a Plan de Cooperación Provincial a los Servicios Municipales | ||
| 260 | |a Barcelona : |b Diputación Provincial de Barcelona, |c 1956-1973 | ||
| 300 | |a 4 v. ; |c 29 cm | ||
| 590 | |a Títol de l'any 1956-1957: Plan bienal José Ma. Bausili... | ||
| 590 | |a Títol de l'any 1958-1959: Plan bienal San Jorge... | ||
| 610 | 1 | 0 | |a Barcelona (Catalunya : Província). |b Diputació |x Assignacions pressupostàries i despeses |9 53789 |
| 650 | 0 | |a Finances municipals |z Barcelona (Província) |9 20808 | |
| 856 | 4 | |u https://media.diba.cat/diba/fitxers/arxiu/fulletons/bib_9855_1968_1969_baixa.pdf |y Anys 1968-1969 | |
| 856 | 4 | |u https://media.diba.cat/diba/fitxers/arxiu/fulletons/bib_7629_1972_1973_baixa.pdf |y Anys 1972-1973 | |
| 856 | 4 | |u https://media.diba.cat/diba/fitxers/arxiu/fulletons/bib_9855_1968_1969_baixa.pdf |y Anys 1968-1969 | |
| 856 | 4 | |u https://media.diba.cat/diba/fitxers/arxiu/fulletons/bib_7629_1972_1973_baixa.pdf |y Anys 1972-1973 | |
| 866 | |a 1956-1957, 1958-1959, 1960-1961, 1962-1963, 1964-1965, 1966-1967 | ||
| 866 | |a 1968-1969 | ||
| 866 | |a 1972-1973 | ||
| 900 | |a bib_7629_1972_1973_baixa.pdf | ||
| 900 | |a bib_9855_1968_1969_baixa.pdf | ||
| 901 | |a Arxiu | ||
| 942 | |n 1 |2 udc |c EP | ||
| 952 | |0 0 |1 0 |4 0 |6 FOL1110_FOL1193_FOL358_FOL1114_M3204_M3205_FU1811_FU1812 |7 1 |9 54806 |a Arxiu |b Arxiu |d 2016-12-01 |l 0 |o FOL-1-110, FOL-1-193, FOL-3-58, FOL-1-114, M-3-204, M-3-205, FU-18-11, FU-18-12 |p 12115, 9852, 21675, |r 2016-12-01 00:00:00 |w 2016-12-01 |y ARXIU | ||
| 952 | |0 0 |1 0 |4 0 |7 1 |9 65645 |a Arxiu |b Arxiu |d 2023-03-15 |h 1968-1969 |o FU-18-11 |p 9855 |r 2023-03-15 00:00:00 |w 2023-03-15 |y ARXIU | ||
| 952 | |0 0 |1 0 |4 0 |6 FU1812 |7 1 |9 65646 |a Arxiu |b Arxiu |d 2023-03-15 |h 1972-1973 |l 0 |o FU-18-12 |p 7629 |r 2023-03-15 00:00:00 |w 2023-03-15 |y ARXIU | ||
| 999 | |c 58675 |d 58675 | ||